Fearless-Album (Taylor's Version, Taylor Swift) - Statistics

General Stats
  • This quiz has been taken 650 times
  • The average score is 19 of 26
Answer Stats
# Track % Correct
1. Fearless
99%
3. Love Story
98%
6. You Belong With Me
96%
5. White Horse
90%
2. Fifteen
87%
4. Hey Stephen
81%
10. The Way I Loved You
80%
22. (From The Vault) Mr. Perfectly Fine
79%
11. Forever & Always
78%
16. (Piano Version) Forever & Always
78%
7. (Feat. Colbie Caillat) Breathe
74%
26. (From The Vault) Bye Bye Baby
69%
13. Change
69%
12. The Best Day
67%
19. The Other Side Of The Door
66%
24. (From The Vault, Feat. Keith Urban) That's When
65%
25. (From The Vault) Don't You
64%
14. Jump Then Fall
63%
18. Superstar
61%
20. Today Was A Fairytale
59%
15. Untouchable
59%
17. Come In With The Rain
58%
8. Tell Me Why
58%
9. You're Not Sorry
57%
21. (From The Vault, Feat. Maren Morris) You All Over Me
55%
23. (From The Vault) We Were Happy
50%
No matching quizzes found
Score Distribution
Percent of People with Each Score
Percentile by Number Answered
Your Score History
You have not taken this quiz